000 00942nam a22003015i 4500
001 18989
003 ES-MaACL
005 20250809051646.0
007 t|
008 020507s1999 sp ||||0| spa j
020 _a84-460-0369-6
040 _aM-BN
_bspa
_cM-BN
080 _a78.036
100 1 _aMorgan, Robert P.
_983525
245 1 3 _aLa música del siglo XX
_b: una historia del estilo musical en la Europa y la América modernas /
_cRobert P. Morgan ; traducción, Patricia Sojo.
250 _a2ª ed.
260 _aTorrejón de Ardoz, Madrid :
_bAkal,
_c1999.
300 _a563 p. :
_bil., mús. ;
_c25 cm.
490 1 _aAkal/música ;
_v6
500 _aIndice.
504 _aBibliografía: p. 515-539.
650 1 4 _aMúsica-
_yS.XX.
_915401
700 1 _aSojo, Patricia.
_9107029
830 0 0 _aAkal/Música
_v6
_9228850
852 _aES-MaACL
_jL-25462
_bR.130810
999 _c18989
_d18989